000 00314nam a22001337a 4500
008 170615b xxu||||| |||| 00| 0 eng d
020 _a9780130260093
041 _aeng
080 _26TH
_a32
100 _a19
101 _aSHP
245 _aPOLITICS AND CHANGE IN THE MIDDLE EAST
_cANDERSEN,R.R
942 _2udc
_cBK
999 _c17459
_d17459